[Event "Titled Tuesday intern op 30th Apr Early"]
[Site "Chess.com INT"]
[Date "2024.04.30"]
[Round "3"]
[White "Parra Gomez, Adrian"]
[Black "Csonka, Balazs"]
[Result "0-1"]
[WhiteElo "2208"]
[BlackElo "2476"]
[PlyCount "72"]
[EventDate "2024.04.30"]
[EventType "swiss (blitz)"]
[EventRounds "11"]
[EventCountry "USA"]
[SourceTitle "CB19_2024"]
[SourceDate "2024.05.08"]
[SourceVersion "1"]
[SourceVersionDate "2024.05.08"]
[SourceQuality "1"]

1. d4 e6 2. c4 f5 3. g4 Nf6 4. gxf5 exf5 5. Nc3 Bb4 6. Bg2 0-0 7. Bg5 h6 8. Bxf6 Bxc3+ 9. bxc3 Qxf6 10. Nf3 d6 11. Qd2 Be6 12. d5 Bf7 13. Qd4 Nd7 14. Rg1 Ne5 15. Nxe5 dxe5 16. Qc5 Qd6 17. Qb4 e4 18. Qxd6 cxd6 19. Bh3 Bh5 20. Rb1 b6 21. Kd2 Rac8 22. Rb4 Rc5 23. a4 g6 24. Ke3 Kf7 25. Ra1 Rfc8 26. a5 bxa5 27. Rb7+ Kf6 28. Ra3 Rxc4 29. Kd2 R8c5 30. Rxa7 Rxd5+ 31. Ke3 g5 32. f3 f4+ 33. Kf2 exf3 34. exf3 Rd2+ 35. Ke1 Rxh2 36. Bf1 Rc5 0-1

[Event "Titled Tuesday intern op 09th Jan Early"]
[Site "Chess.com INT"]
[Date "2024.01.09"]
[Round "3"]
[White "Parra Gomez, Adrian"]
[Black "Zavgorodniy, Sergiy"]
[Result "1/2-1/2"]
[WhiteElo "2208"]
[BlackElo "2401"]
[PlyCount "82"]
[EventDate "2024.01.09"]
[EventType "swiss (blitz)"]
[EventRounds "11"]
[EventCountry "USA"]
[SourceTitle "CB03_2024"]
[SourceDate "2024.01.17"]
[SourceVersion "1"]
[SourceVersionDate "2024.01.17"]
[SourceQuality "1"]

1. d4 Nf6 2. c4 e6 3. Nc3 Bb4 4. a3 Bxc3+ 5. bxc3 Nc6 6. f3 b6 7. e4 Ba6 8. Bd3 Na5 9. Qe2 d6 10. Rb1 Qd7 11. Nh3 c5 12. e5 dxe5 13. dxe5 Ng8 14. 0-0 0-0-0 15. Nf2 Ne7 16. Rd1 Qa4 17. Bg5 Rhe8 18. Ne4 Nb7 19. Rd2 h6 20. Bh4 g5 21. Bf2 Ng8 22. h4 Rd7 23. hxg5 hxg5 24. Nxg5 Red8 25. Rbd1 Na5 26. Bh4 Bxc4 27. Bxc4 Nxc4 28. Rxd7 Rxd7 29. Rxd7 Kxd7 30. Nxf7 Ke8 31. Ng5 Qb3 32. Nxe6 Qxc3 33. Qe4 Ne7 34. Qa8+ Kf7 35. Ng5+ Kg7 36. Qe8 Qa1+ 37. Kh2 Qxe5+ 38. Kg1 Qa1+ 39. Kh2 Qe5+ 40. Kg1 Qa1+ 41. Kh2 Qe5+ 1/2-1/2

[Event "Titled Tuesday intern op 14th Nov Early"]
[Site "Chess.com INT"]
[Date "2023.11.14"]
[Round "4"]
[White "Parra Gomez, Adrian"]
[Black "Berezin, Viktor1"]
[Result "0-1"]
[WhiteElo "2208"]
[BlackElo "2307"]
[PlyCount "82"]
[EventDate "2023.11.14"]
[EventType "swiss (blitz)"]
[EventRounds "11"]
[EventCountry "USA"]
[SourceTitle "CB47_2023"]
[SourceDate "2023.11.22"]
[SourceVersion "1"]
[SourceVersionDate "2023.11.22"]
[SourceQuality "1"]

1. d4 Nf6 2. c4 g6 3. Nc3 Bg7 4. e4 0-0 5. Be2 d6 6. Be3 c6 7. h4 h5 8. f3 a6 9. g4 b5 10. gxh5 Nxh5 11. f4 Ng3 12. Rh2 Nxe2 13. Qxe2 e5 14. dxe5 dxe5 15. f5 b4 16. Na4 gxf5 17. Rg2 f4 18. Bf2 Be6 19. b3 f5 20. Nc5 Bc8 21. h5 Kh7 22. Nf3 fxe4 23. Ng5+ Kh8 24. Nge6 f3 25. Nxd8 fxe2 26. Nde6 Rf7 27. Kxe2 Nd7 28. Rag1 Nxc5 29. Nxg7 Nd3 30. Be3 Nf4+ 31. Bxf4 exf4 32. Ne8 f3+ 33. Ke3 fxg2 34. Rxg2 Bh3 35. Rg3 Rf3+ 36. Rxf3 exf3 37. Nf6 Rf8 38. Ne4 Kh7 39. Kf2 Kh6 40. Kg3 Bg2 41. Nf2 Kxh5 0-1

[Event "Adelquis Remon Memorial-C"]
[Site "Holguin"]
[Date "2018.12.05"]
[Round "10.2"]
[White "Parra Gomez, Adrian"]
[Black "Bonet Molina, Ariel"]
[Result "0-1"]
[WhiteElo "2197"]
[BlackElo "2133"]
[PlyCount "82"]
[EventDate "2018.11.30"]
[EventType "tourn"]
[EventRounds "10"]
[EventCountry "CUB"]
[SourceTitle "EXT 2023"]
[Source "ChessBase"]
[SourceDate "2022.10.05"]
[SourceVersion "1"]
[SourceVersionDate "2022.10.05"]
[SourceQuality "1"]

1. d4 e6 2. c4 f5 3. Nc3 Nf6 4. e3 Bb4 5. Bd2 0-0 6. Qc2 b6 7. Bd3 Bb7 8. f3 c5 9. Nge2 Nc6 10. a3 cxd4 11. exd4 Bd6 12. 0-0-0 Rc8 13. Rhg1 Na5 14. Nb5 Nxc4 15. Bxc4 Bb8 16. Bb4 Re8 17. Nd6 Bxd6 18. Bxd6 b5 19. b3 bxc4 20. bxc4 Ba6 21. c5 Qa5 22. Nc3 Nd5 23. Nxd5 exd5 24. Qb3 Re6 25. Kb1 Bc4 26. Qb4 Qd8 27. Ka1 Re3 28. Rb1 Qf6 29. Be5 Qa6 30. a4 Qc6 31. Rge1 a5 32. Qxa5 Ra3+ 33. Kb2 Rxa4 34. Qb6 Ra2+ 35. Kc1 Qa4 36. Rb2 Qa3 37. Rd1 Ra1+ 38. Kc2 Qa4+ 39. Kd2 Qxd1+ 40. Ke3 Qc1+ 41. Kf2 Qe1# 0-1

[Event "Adelquis Remon Memorial-C"]
[Site "Holguin"]
[Date "2018.11.30"]
[Round "2.3"]
[White "Romero Arzuaga, Yudel"]
[Black "Parra Gomez, Adrian"]
[Result "1-0"]
[WhiteElo "2183"]
[BlackElo "2197"]
[PlyCount "121"]
[EventDate "2018.11.30"]
[EventType "tourn"]
[EventRounds "10"]
[EventCountry "CUB"]
[SourceTitle "EXT 2023"]
[Source "ChessBase"]
[SourceDate "2022.10.05"]
[SourceVersion "1"]
[SourceVersionDate "2022.10.05"]
[SourceQuality "1"]

1. d4 d5 2. Bf4 c5 3. e3 Nc6 4. Nf3 Nf6 5. Be2 Bf5 6. 0-0 e6 7. c3 Qb6 8. Qb3 c4 9. Qxb6 axb6 10. Nbd2 b5 11. a3 h6 12. Ne5 Be7 13. Rfe1 Na7 14. Rac1 Nc8 15. Bd1 Nd6 16. Bc2 Nfe4 17. Nef3 Nxd2 18. Nxd2 Bxc2 19. Rxc2 Ne4 20. f3 Nxd2 21. Rxd2 f6 22. e4 dxe4 23. Rxe4 Kf7 24. Rde2 Ra6 25. Bg3 Rd8 26. Kf1 Rd5 27. Bb8 Bd8 28. g4 h5 29. h3 g6 30. Kg2 Be7 31. Bg3 Bf8 32. Bf4 Bg7 33. h4 Bf8 34. Kh3 Be7 35. Rg2 hxg4+ 36. fxg4 f5 37. Re1 fxg4+ 38. Rxg4 b4 39. axb4 Ra2 40. Rg2 Rh5 41. Bg3 Bf6 42. Kg4 Ra8 43. Rf2 Rf5 44. Rfe2 Ra2 45. Rxe6 Rxb2 46. Rb6 Bg7 47. Rxb7+ Kg8 48. Re8+ Bf8 49. Be5 Rf7 50. Rxf7 Kxf7 51. Rc8 Rg2+ 52. Kh3 Rc2 53. Rxc4 Ke6 54. Rc6+ Kd5 55. b5 Bh6 56. c4+ Ke4 57. Rxg6 Rc3+ 58. Kg4 Be3 59. c5 Rb3 60. c6 Rb1 61. c7 1-0